| 000 | 00574nam a2200193Ia 4500 | ||
|---|---|---|---|
| 005 | 20250508163636.0 | ||
| 008 | 008 250505s9999 xx 000 0 eng d | ||
| 037 | _aTextual | ||
| 040 |
_aFEDL _beng _cFEDL |
||
| 041 |
_aeng _2eng |
||
| 084 |
_a658.1, CHA _qFEDL |
||
| 100 | _aChandra Prasanna | ||
| 245 | 0 | _aProjects : Preparation, appraisal, budgeting and implementation | |
| 250 | _a3rd | ||
| 260 |
_aNew Delhi, India _bTata McGraw-Hill Publishing Company Limited _c1987 |
||
| 300 | _a570p. | ||
| 942 |
_cTEXL _h658.1, CHA |
||
| 999 |
_c1384487 _d1384487 |
||